000 01072nam0a22002291 4500
001 rc\4931761
005 20260407093617.0
035 _a(NLR Aleph) 008846532
090 _a8374506
_c8374506
100 _a20130426d19679999|||y0rusy50 ca
101 0 _arus
102 _aRU
105 _ay b |||||
200 1 _aКаталог изданий института ЦНИГРИ
_fМ-во геологии СССР. Центр. науч.-исслед. горноразведочный институт ЦНИГРИ
210 _aМосква
_cБ. и.
_d1967-
710 0 2 _aЦентральный научно-исследовательский горно-разведочный институт
_cМосква
_9330550
_3RU\NLR\AUTH\889917189
801 0 _aRU
_bNLR
_gpsbo
801 1 _aRU
_bELAR
_2rusmarc
830 _aПеречень имеющихся в библиотеке томов, номеров, годов этого издания смотри в каталоге периодических изданий
852 _aNLR
_jС191-500/К-29
942 _cBOOK
980 _aNB